Národní a mezinárodní manažer (Je v tom rozdíl?)
Vplyv procesu internacionalizácie a globalizácie na činnosť manažérov. Porovnanie štýlu vedenia európskych manažérov s atribútami riadenia a vedenia ľudí v iných častiach sveta. Problém medzikultúrnych rozdielov v riadení a vedení euromanažérov.
Salvato in:
| Autore principale: | |
|---|---|
| Natura: | Capitolo di libro |
| Lingua: | ceco |
| Soggetti: | |
| Tags: |
Nessun Tag, puoi essere il primo ad aggiungerne!!
|
MARC
| LEADER | 00000naa a2200000 4500 | ||
|---|---|---|---|
| 001 | r047445 | ||
| 005 | 20231002104106.4 | ||
| 041 | 0 | |a cze | |
| 044 | |a CZ | ||
| 245 | 1 | 0 | |a Národní a mezinárodní manažer |b (Je v tom rozdíl?) |c Iveta Ubrežiová |
| 520 | |a Vplyv procesu internacionalizácie a globalizácie na činnosť manažérov. Porovnanie štýlu vedenia európskych manažérov s atribútami riadenia a vedenia ľudí v iných častiach sveta. Problém medzikultúrnych rozdielov v riadení a vedení euromanažérov. | ||
| 610 | 2 | 0 | |a manažéri |
| 610 | 2 | 0 | |a internacionalizácia |
| 610 | 2 | 0 | |a globalizácia |
| 610 | 2 | 0 | |a riadenie podnikové |
| 610 | 2 | 0 | |a Európa |
| 610 | 2 | 0 | |a USA |
| 610 | 2 | 0 | |a komunikácia manažérska |
| 610 | 2 | 0 | |a vedenie podniku |
| 610 | 2 | 0 | |a Japonsko |
| 610 | 2 | 0 | |a štýl vedenia |
| 100 | 1 | |a Ubrežiová, Iveta | |